000 00848nam a2200265Ia 4500
003 OSt
005 20220923230958.0
006 a|||||r|||| 00| 0
007 ta
008 220922b |||||||| |||| 00| 0 hin d
024 _a327,499
037 _cTextual
040 _aARTS
_cARTS
_bhin
041 _2hin
_ahin
082 _aO152,1:g, P5
100 _aजोशी, आशा, संपा.
245 0 _aसाहित्य प्रबोध
246 _aSāhitya prabodha
260 _aनई दिल्ली
_b सतीश बुक डिपो
_c2005
300 _a160पृ.
_ccm.
650 _a हिन्दी साहित्य
_9156264
650 _aहिन्दी कविता
942 _hO152,1:g, P5
_cTEXL
_2CC
999 _c388557
_d388557